China's relations with the League of Nations 1919-1936 /

Zapisane w:
Opis bibliograficzny
1. autor: Quan, Lau-King, 1906-
Format: Książka
Język:English
Wydane: Hong Kong : Asiatic Litho. Printing Press, 1939.
Hasła przedmiotowe:
LEADER 00895nam a2200241 i 4500
001 c000253478
003 CARM
005 00000000000000.0
008 840822s1939 hk b 001 0 eng d
019 1 |a 3827865  |z 28455440  |5 LACONCORD2021 
035 |a (OCoLC)2101168  |5 LACONCORD2021 
043 |a a-cc--- 
082 0 4 |a 341.22 
100 1 |a Quan, Lau-King,  |d 1906- 
245 1 0 |a China's relations with the League of Nations 1919-1936 /  |c by Lau-King Quan. 
260 |a Hong Kong :  |b Asiatic Litho. Printing Press,  |c 1939. 
300 |a 414 p. 
504 |a Bibliography: p. 375-387. 
610 2 0 |a League of Nations.  |z China. 
651 0 |a China  |x Foreign relations. 
852 8 |b CARM  |h A2:AP28G0  |i B07738  |p 0334452  |f BK 
999 f f |i 95c04921-6120-5fd2-ae64-5e0f1b37d0cd  |s dc399e3b-49f2-56e8-aa72-d2d87223593c 
952 f f |p Can circulate  |a CAVAL  |b CAVAL  |c CAVAL  |d CARM 1 Store  |e B07738  |f A2:AP28G0  |h Other scheme  |i book  |m 0334452